000
nam a22 7a 4500
999
_c
232543
_d
232543
003
ASAB
005
20170220160836.0
008
170220b xxu||||| |||| 00| 0 eng d
040
_c
ASAB
082
_a
572.86 KUM
245
_a
Application of Genome characterization
_c
veena kumari
942
_2
ddc
_c
BK